000
00341 a2200157 4500
001
175398
020
_a
82-254-0275-3
040
_c
Magnum
100
_a
Lutzenberger, José
240
1
0
_a
Gaia: o planeta vivo
_l
por
245
1
0
_a
Gaia: o planeta vivo
300
_a
110
362
0
_a
1991
697
_a
EDUCAÇÃO AMBIENTAL
942
_c
BK
999
_c
175398
_d
175398